000 00655nam a22001937a 4500
005 20251108165017.0
008 250721s1982 xx 000 0 ara d
082 1 4 _a536.7/زيم
100 1 _aزيمانسكي، مارك و.
245 1 0 _aالحرارة و الديناميكا الحرارية :
_bمرجع مرحلة جامعية متوسطة /
264 1 _aالقاهره :
_bدار ماكجروهيل،
_c1982.
300 _a655ص
650 1 7 _aالديناميكا
650 1 7 _aالحرارة
700 1 _aديتمان، ريتشارد هـ.
700 1 _aرضوان، محسن سالم
_eترجمة
942 _2ddc
_cBK
999 _c19795
_d19795